000 00354nam a22001457a 4500
003 OSt
005 20160727222550.0
008 160714b xxu||||| |||| 00| 0 eng d
040 _cSouth Asian Studies
100 _92871
_a Gill, S.A
245 _aSouth Asian Studies
260 _aPak
_b S.A.S
_c2005
300 _aSouth Asian Studies
942 _2ddc
_cBK
999 _c2444
_d2444